LEADER 00850nam a2200217 i 4500 001 000000165190 003 CaOOAMICUS 005 20071010000000.0 008 071010s1966 it u000 u ita u 013 $a142558 040 $aSeMil$bita 100 1 $aProust, Marcel,$d<1871-1922>.$0(OLS)http://semarc/name/8342 245 10$aLettere ai miei personaggi /$cMarcel Proust ; a cura e con un saggio critico di Domenico Tarizzo. 260 $aMilano :$bRizzoli,$ccopyr. 1966. 300 $a268 p. ;$c21 cm. 700 1 $aTarizzo, Domenico.$0(OLS)http://semarc/name/37629 850 $aSeMil 852 $aSeMil$W1$xVenegono$y1$m1T V 74$j246339$B116384$CSeMilBibl$Z2$F127327 $81 961 $aRecupero: Altro 996 $6245$aLettere ai miei personaggi$9(OLS)http://semarc/title/235773 996 $6260$aMilano :$bRizzoli$9(OLS)http://semarc/publisher/29824 LEADER 00660nam a2200181 i 4500 001 000000229172 003 CaOOAMICUS 005 20231013121743.0 008 140429s1877 it u000 u ita u 013 $a208074 040 $aSeMil$bita 245 10$aVol. 3. 300 $a392 p. 773 0 $aFreppel, Charles Émil <1827-1891>$tApologisti cristiani del secondo secolo.$dParma : Tipografia Fiaccadori, 1875-1877.$kNuova biblioteca di civile e cristiana sapienza$g3$w()29797 850 $aSeMil 852 $aSeMil$W1$xVenegono$y1$m1Y I 19 FA$j179518$B179518$CSeMilBibl$Z2$F190623 $8I 996 $6245$aVol. 3$9(OLS)http://semarc/title/80712